000 00510nam a22001697a 4500
005 20251108172650.0
008 250721s2003 xx 000 0 ara d
082 1 4 _a956,5/حجل
100 1 _aأبوحجلة، أمين
245 1 0 _aالأردن أولا عظمة القيادة وتلاحم الأمة /
264 1 _aعمان :
_c2003.
300 _a350 ص
650 1 7 _aتاريخ الأردن
650 1 7 _aعهد الملك عبدالله الثاني 1999 -
942 _2ddc
_cBK
999 _c85348
_d85348